Taylor Swift songs that start with "O" - Statistics

General Stats
  • This quiz has been taken 20 times
  • The average score is 3 of 5
Answer Stats
Answer % Correct
Ours
100%
Our Song
92%
Out Of The Woods
62%
Opalite
54%
Only The Young
38%
No matching quizzes found
Score Distribution
Percent of People with Each Score
Percentile by Number Answered
Your Score History
You have not taken this quiz